| 000 | 02160nam0a2200337 4500 | ||
|---|---|---|---|
| 001 | RU\NLR\BIBL_A\012036699 | ||
| 005 | 20190715113143.0 | ||
| 021 |
_aRU _bКН-П-19-037654 _9КН-П-19-2762 |
||
| 035 | _a(NLR Aleph) 012036699 | ||
| 035 | _a(RuMoRGB)009991446 | ||
| 090 |
_a11579056 _c11579056 |
||
| 100 | _a20190614d2018 u y0rusy50 ca | ||
| 101 | 0 | _arus | |
| 102 | _aRU | ||
| 105 | _ay|||j|||000zy | ||
| 200 | 1 |
_aВнутриутробные инфекции у беременных _eучебное пособие _eдля студентов, обучающихся по специальности 31.05.01 Лечебное дело _fМ.Ю. Маржохова, А.Р. Марожохова! [т.е. Маржохова], М.Х. Тлакадугова _gМинистерство образования и науки Российской Федерации, Федеральное государственное бюджетное образовательное учреждение высшего образования "Кабардино-Балкарский государственный университет им. Х.М. Бербекова" |
|
| 210 |
_aНальчик _cИзд-во КБГУ _d2018 |
||
| 215 |
_a54 с. _cтабл. _d20 |
||
| 320 | _aБиблиогр.: с. 53 (10 назв.) | ||
| 606 | 1 |
_aВнутриутробная инфекция плода _jУчебные издания для высших учебных заведений _2nlr_sh1 _2nlr_sh2 _3RU\NLR\AUTH\6630902 |
|
| 606 | 1 |
_aИнфекционные болезни беременных _jУчебные издания для высших учебных заведений _2nlr_sh2 _3RU\NLR\AUTH\661348099 |
|
| 686 | 1 | _aР716.212.275я73 | |
| 686 | 1 | _aР716.216.51я73 | |
| 700 | 1 |
_aМаржохова _bМ. Ю. _gМадина Юрьевна |
|
| 701 | 1 |
_aМаржохова _bА. Р. _gАсият Руслановна _3RU\NLR\AUTH\770208163 |
|
| 701 | 1 |
_aТлакадугова _bМ. Х. _gМадина Хажисмеловна |
|
| 942 | _cBOOK | ||
| 980 | _aNBR | ||
| 980 | _aNB | ||